Music Quiz

Random Music or Song Quiz
Score 0/24 Timer 08:00
9 Plays Today
% Correct
2. New Orleans
94.2%
5. Chicago
85.9%
12. Seattle
83.3%
6. New York City
80.5%
13. Las Vegas
78.4%
7. Louisville
78.3%
1. Memphis
76.7%
4. Boston
75.4%
14. Denver
74.9%
16.San Francisco
71.7%
21. Atlanta
71.6%
3. Minneapolis
69.3%
% Correct
8. Cleveland
68.7%
10. Baltimore
67.9%
23. Houston
66.3%
18. Baton Rouge
64.9%
17. Little Rock
63.4%
22. Tucson
55.5%
20. Albuquerque
47.5%
15. Miami Beach
37.5%
19. Saratoga
33.7%
11. Selma
26.2%
24. Saginaw
23.7%
9. Kankakee
14.1%
Remove Ads.
Support Sporcle.
Get the best of Sporcle when you Go Orange. This ad-free experience offers more features, more stats, and more fun while also helping to support Sporcle. Thank you for becoming a member.

You're not logged in!

Compare scores with friends on all Sporcle quizzes.
OR
Log In

Show Comments

Extras

Top Quizzes Today


Score Distribution

Your Account Isn't Verified!

In order to create a playlist on Sporcle, you need to verify the email address you used during registration. Go to your Sporcle Settings to finish the process.

Report this User

Report this user for behavior that violates our Community Guidelines.

Details: